000 00975njm a2200289Ia 4500
001 27453
003 IT-RoPAU
005 20220918181132.0
008 131025s9999 xx 000 0 und d
040 _aIT-RoPAU
040 _cIT-RoPAU
999 _c100692
_d100692
999 _bn.d.
100 _aLolini Ruggero
_918156
100 _eAutore musica
_918157
100 _gCodice autore musica SPICS: 13188
_918158
245 _aDedicated To Soloists
250 _a1a ed.
260 _aITALIA
260 _bPENTAPHON
_c1981 [1a Ed.:1981 - Ed. Lingua Orig.: 1981]
300 _aDISCO
300 _c41 minuti (Testo: pag.)
500 _aMusica strumentale: flauto, viola e pianoforte
505 _aIntroduzione, recitativo e aria - Ciaccona - I Sing To Use the Waiting - Ardon gli incensi (testo di Enza Motti Messina)
650 _aSTRUMENTALE [DISCHI]
_eCodice MATERIA SPICS: 9950
_9828
700 _aLolini Ruggero
_gCodice interprete SPICS: 13188
_eInterprete
_918159
942 _cMD
_2ddc